<?xml version="1.0" encoding="UTF-8"?>
<collection xmlns="http://www.loc.gov/MARC21/slim">
 <record>
  <leader>01863nam a2200205Ia 4500</leader>
  <controlfield tag="001">CTU_85342</controlfield>
  <controlfield tag="008">210402s9999    xx            000 0 und d</controlfield>
  <datafield tag="082" ind1=" " ind2=" ">
   <subfield code="a">363.7</subfield>
  </datafield>
  <datafield tag="082" ind1=" " ind2=" ">
   <subfield code="b">N400</subfield>
  </datafield>
  <datafield tag="088" ind1=" " ind2=" ">
   <subfield code="a">60440301</subfield>
  </datafield>
  <datafield tag="100" ind1=" " ind2=" ">
   <subfield code="a">Trần, Văn Nô</subfield>
  </datafield>
  <datafield tag="245" ind1=" " ind2="0">
   <subfield code="a">Các giải pháp quản lý nguồn nước mặt tại thị xã Vĩnh Long trong qúa trình phát triển đô thị</subfield>
  </datafield>
  <datafield tag="245" ind1=" " ind2="0">
   <subfield code="c">Trần Văn Nô</subfield>
  </datafield>
  <datafield tag="260" ind1=" " ind2=" ">
   <subfield code="a">Cần Thơ</subfield>
  </datafield>
  <datafield tag="260" ind1=" " ind2=" ">
   <subfield code="b">Trường Đại học Cần Thơ</subfield>
  </datafield>
  <datafield tag="260" ind1=" " ind2=" ">
   <subfield code="c">2003</subfield>
  </datafield>
  <datafield tag="520" ind1=" " ind2=" ">
   <subfield code="a">Luận văn&quot; Các giải pháp quản lý nguồn nước mặt tại thị xã Vĩnh Long trong qúa trình phát triển đô thị&quot;. Tác giả đã nghiên cứu và đề xuất các vấn đề ; Tổng hợp về đặc điểm tự nhiên, kinh tế xã hội và hiện trạng môi trường nước tại thị xã Vĩnh Long để xác định nguồn nước  và tác nhân ô nhiễm. Khảo sát, xây dựng sơ đồ thu mẫu, phân tích hai đợt mẫu, mỗi lượt mẫu gồm 30 mẫu nước mặt trên các tuyến sông, rạch , làm cơ sở để đánh giá mức độ ô nhiễm nguồn nước mặt. Dự báo các thách thức về bảo vệ nguồn nước khi mà tốc độ phát triển công nghiệp và đô thị diễn ra mạnh mẽ trong tương lai. Tác giả đã đề xuất 15 giải pháp quản lý nguồn nước; xây dựng chính sách, qui hoạch phát triển luôn kết hợp hài hoà với bảo vệ nguồn nước.</subfield>
  </datafield>
  <datafield tag="650" ind1=" " ind2=" ">
   <subfield code="a">Environmental sciences</subfield>
  </datafield>
  <datafield tag="904" ind1=" " ind2=" ">
   <subfield code="i">Năm</subfield>
  </datafield>
  <datafield tag="980" ind1=" " ind2=" ">
   <subfield code="a">Trung tâm Học liệu Trường Đại học Cần Thơ</subfield>
  </datafield>
 </record>
</collection>
